Syzýgia
| Main Authors: | , , |
|---|---|
| Other Authors: | , , , |
| Format: | Book |
| Language: | Slovak Czech English |
| PhysicalDescription: | 154 s. fotogr. 27 cm |
| Published: |
[Bratislava]
Slovart i+i print
2017
|
| ISBN: | 9788097147440 |
| Subjects: |
MARC
| LEADER | 00000nam a2200000 a 4500 | ||
|---|---|---|---|
| 001 | vtls011724376 | ||
| 003 | SK-MaSNL | ||
| 005 | 20260426013008.0 | ||
| 008 | 240318s2017 xo oc e 000 0dslo | ||
| 015 | |a SNBA2018/01 | ||
| 020 | |a 9788097147440 |q (viaz.) | ||
| 040 | |a SNK |b slo |c SNK |e AACR2 | ||
| 041 | 0 | |a slo |a cze |a eng | |
| 043 | |a e-xo--- | ||
| 044 | |a xo |c SK | ||
| 072 | 7 | |a 72/76 |x Výtvarné umenie |2 konspekt | |
| 080 | |a 7.071 |2 2011 | ||
| 080 | |a 72/76(437.6) |2 2011 | ||
| 080 | |a 7.036/.038 |2 2011 | ||
| 080 | |a (437.6) |2 2011 | ||
| 080 | |a (048.8) |2 2011 | ||
| 080 | |a 7.038.6 |2 2011 | ||
| 100 | 1 | |a Ševčíková, Jana, |d 1941- |4 aut |9 712585 | |
| 245 | 1 | 0 | |a Syzýgia |c [texty] Jana Ševčíková, Jiří Ševčík, Aurel Hrabušický ; [zostavovateľ] Martin Derner ; [preklad: John Comer, Bea Havelská ; fotografie: Juraj Bartoš ... [et al.]] |
| 260 | |a [Bratislava] |b Slovart |b i+i print |c 2017 | ||
| 300 | |a 154 s. |b fotogr. |c 27 cm | ||
| 504 | |a Bibliografické poznámky | ||
| 546 | |a Súbežný text angl. a čiast. text čes. | ||
| 610 | 2 | 7 | |a Syzýgia (umelecká skupina) |2 SNKKA |9 712586 |
| 648 | 7 | |a 20.-21. stor. |2 SNKPH |9 270701 | |
| 648 | 7 | |a 20th-21st centuries |2 SNKPHeng |9 285312 | |
| 650 | 0 | 7 | |a umelecké skupiny |2 SNKPH |9 2895 |
| 650 | 0 | 7 | |a slovenské výtvarné umenie |2 SNKPH |9 68597 |
| 650 | 0 | 7 | |a umelecká avantgarda |2 SNKPH |9 2874 |
| 650 | 0 | 7 | |a postmoderné umenie |2 SNKPH |9 79625 |
| 650 | 0 | 7 | |a art groups |2 SNKPHeng |9 336684 |
| 650 | 0 | 7 | |a Slovak art |2 SNKPHeng |9 275442 |
| 650 | 0 | 7 | |a Avant-garde (aesthetics) |2 SNKPHeng |9 335382 |
| 650 | 0 | 7 | |a Postmodern art |2 SNKPHeng |9 316339 |
| 651 | 7 | |a Slovensko |2 SNKPH |9 14231 | |
| 651 | 7 | |a Slovakia |2 SNKPHeng |9 92630 | |
| 655 | 7 | |a monografie |2 SNKPH |9 70139 | |
| 655 | 7 | |a Monographs |2 SNKPHeng |9 120675 | |
| 700 | 1 | |a Ševčík, Jiří, |d 1940- |4 aut |9 355174 | |
| 700 | 1 | |a Hrabušický, Aurel, |d 1955- |4 aut |9 93400 | |
| 700 | 1 | |a Derner, Martin, |d 1973- |4 com |9 202575 | |
| 700 | 1 | |a Comer, John |4 trl |9 341154 | |
| 700 | 1 | |a Havelská, Beata |4 trl |9 248900 | |
| 700 | 1 | |a Bartoš, Juraj, |d 1944- |4 pht |9 115427 | |
| 919 | |a 978-80-971474-4-0 | ||
| 999 | |c 1111487 |d 1113417 | ||
| 952 | |a SNK |b SNK |y PREZ |7 0 |p 17A1304775 |o snkOSB 18953 |i snk2017/26432 |8 0 |0 0 |1 0 |4 0 |d 2017-11-29 |l 0 |r 2026-02-24 18:03:13 |w 2026-02-24 | ||
| 952 | |a SNK |b SNK |y VYP |7 0 |p 17A1304776 |o snkOSB 18953 D1 |i snk2017/26433 |8 0 |0 0 |1 0 |4 0 |d 2017-11-29 |l 0 |r 2026-02-24 18:03:13 |w 2026-02-24 | ||


